| 000 | 00851cab a2200241 4500 | ||
|---|---|---|---|
| 001 | ABS43663 | ||
| 008 | 090401t1990 xxu||||| |||| 00| 0 eng d | ||
| 035 | _a(Sirsi) u42835 | ||
| 041 | _aeng | ||
| 100 | _aKeys, P. | ||
| 245 | _aAssessing the impact | ||
| 260 | _c1990 | ||
| 350 | _a0 | ||
| 490 |
_aSurveyor _v174 (3119) 1 November 1990, 10-11(2) |
||
| 520 | _aExamines the role of the professional environmental assessor in civil engineering projects in accordance with the EC directive "The assessment of the effects of certain public and private projects on the environment" requiring compulsory environmental assessment . | ||
| 650 | _aENVIRONMENTAL IMPACT | ||
| 650 | _aGREEN ISSUES | ||
| 650 | _aPROFESSIONAL TRAINING | ||
| 690 | _aENVIRONMENTAL AND LAND CONSULTANCY | ||
| 700 | _aSmith, P. | ||
| 942 | _n0 | ||
| 948 | _c04/03/1997 | ||
| 999 |
_c27400 _d27400 |
||